00625nmm a2200193Ia 4500008004100000041000800041100002600049245005800075264006900133300001800202490002200220650003200242700002600274700003200300700002400332856005100356942000700407999001700414251105s9999||||xx |||||||||||||||||und|| aspa aHerrero Saura, Javier 0aLos orígenes del pensamiento reaccionario español a[Madrid, España] :bPrensas Universitarias de Zaragoza, c2020 a528 páginas aCiencias sociales aPolitical Science (General) aHerrero Saura, Javier1 a García Monerris, Encarna1 a Escrig Rosa, Josep uhttps://public.digitaliapublishing.com/a/70142 cCF c66879d66879